| 000 | 00679nam a2200229 a 4500 | ||
|---|---|---|---|
| 001 | 52 | ||
| 005 | 20221127085836.0 | ||
| 008 | 050920s lxxua | 00100|eng d | ||
| 020 | _a0072451963 | ||
| 035 | _a61 | ||
| 082 | 0 | 4 |
_a005.2768 _bB946 2003 |
| 100 | 1 | _aBurrows, Williams E. | |
| 245 | 1 | 0 |
_aLearning programming using Visual Basic NET / _cWilliams Burrows, J. Langford. |
| 250 | _a1st ed. | ||
| 260 |
_aBoston : _bMcGraw-Hill, _c2003. |
||
| 300 |
_axvi, 592 p. : _bill. ; _c28 cm. _e2 CD. |
||
| 500 | _aIncludes index. | ||
| 650 | 4 | _aMicrosoft Visual BASIC. | |
| 650 | 4 | _aBASIC(Computer program language). | |
| 650 | 4 | _aMicrosoft. | |
| 700 | 1 |
_aLangford, Joseph D., _ejt. auth. |
|
| 999 |
_c52 _d52 |
||